Dr. S. R. Lasker Library Online Catalogue

Home      Library Home      Institutional Repository      E-Resources      MyAthens      EWU Home

International business : (Record no. 2373)

MARC details
000 -LEADER
fixed length control field 01639cam a2200373 a 4500
001 - CONTROL NUMBER
control field 2373
003 - CONTROL NUMBER IDENTIFIER
control field BD-DhEWU
005 - DATE AND TIME OF LATEST TRANSACTION
control field 20140529213058.0
008 - FIXED-LENGTH DATA ELEMENTS--GENERAL INFORMATION
fixed length control field 890822s1990 ilua g b 001 0 eng d
020 ## - INTERNATIONAL STANDARD BOOK NUMBER
International Standard Book Number 0256080100
International Standard Book Number 9780256080100
035 ## - SYSTEM CONTROL NUMBER
System control number (OCoLC)20354610
040 ## - CATALOGING SOURCE
Original cataloging agency DLC
Transcribing agency DLC
Modifying agency DLC
-- BD-DhEWU
Language of cataloging eng
041 ## - LANGUAGE CODE
Language code of text/sound track or separate title eng
050 00 - LIBRARY OF CONGRESS CALL NUMBER
Classification number HD62.4
Item number .B34 1990
082 04 - DEWEY DECIMAL CLASSIFICATION NUMBER
Classification number 658.049
Edition number 22
Item number BAI 1990
100 1# - MAIN ENTRY--PERSONAL NAME
Personal name Ball, Donald A.
9 (RLIN) 10615
245 10 - TITLE STATEMENT
Title International business :
Remainder of title introduction and essentials /
Statement of responsibility, etc Donald A. Ball, Wendell H. McCulloch, Jr.
250 ## - EDITION STATEMENT
Edition statement 4th ed.
260 ## - PUBLICATION, DISTRIBUTION, ETC. (IMPRINT)
Place of publication, distribution, etc Homewood, IL :
Name of publisher, distributor, etc BPI/Irwin,
Date of publication, distribution, etc c1990.
300 ## - PHYSICAL DESCRIPTION
Extent xxv, 774 p. :
Other physical details ill. (some col.) ;
Dimensions 27 cm.
500 ## - GENERAL NOTE
General note Online version:<br/>Ball, Donald A.<br/>International business.<br/>Homewood, IL : BPI/Irwin, c1990<br/>(OCoLC)647035053
504 ## - BIBLIOGRAPHY, ETC. NOTE
Bibliography, etc Includes bibliographical references and index.
520 ## - SUMMARY, ETC.
Summary, etc Summary: <br/>Written for the first course in international business taken either at the undergraduate level or in an MBA pro- gram. Begin by describing the nature of international business and the three environments in which an international businessperson works.
526 ## - STUDY PROGRAM INFORMATION NOTE
Program name BA
590 ## - LOCAL NOTE (RLIN)
Local note Saifun Momota
650 #0 - SUBJECT ADDED ENTRY--TOPICAL TERM
Topical term or geographic name as entry element International business enterprises
General subdivision Management.
9 (RLIN) 10616
Topical term or geographic name as entry element International business enterprises.
9 (RLIN) 10617
Topical term or geographic name as entry element International economic relations.
9 (RLIN) 10618
700 1# - ADDED ENTRY--PERSONAL NAME
Personal name McCulloch, Wendell H.
9 (RLIN) 10619
856 ## - ELECTRONIC LOCATION AND ACCESS
Materials specified WorldCat details
Uniform Resource Identifier https://www.worldcat.org/title/international-business-introduction-and-essentials/oclc/20354610&referer=brief_results
942 ## - ADDED ENTRY ELEMENTS (KOHA)
Source of classification or shelving scheme Dewey Decimal Classification
Koha item type Text
Holdings
Withdrawn status Lost status Source of classification or shelving scheme Damaged status Not for loan Collection code Home library Current library Shelving location Date acquired Source of acquisition Cost, normal purchase price Total Checkouts Full call number Barcode Copy number Koha item type Date last seen Date checked out
    Dewey Decimal Classification   Not For Loan Non-fiction Dr. S. R. Lasker Library, EWU Dr. S. R. Lasker Library, EWU Reserve Section 28/08/1997 Asia Foundation 0.00   658.049 BAI 1990 1819 C-1 Text    
    Dewey Decimal Classification   Not For Loan Non-fiction Dr. S. R. Lasker Library, EWU Dr. S. R. Lasker Library, EWU Reserve Section 28/08/1997 Asia Foundation 0.00 1 658.049 BAI 1990 1840 C-2 Text 24/06/2013 17/06/2013